000 00538nam a2200169 i 4500
001 47264
003 ES-MaACL
005 20230906161530.0
007 t|
008 030404s1962 sp ||||1| spa d
100 1 _aCooper, Douglas.
_940385
245 1 0 _aPablo Picasso "Les déjeuners" /
_ctexto de Douglas Cooper ; [versión española de Juan Cortés Vidal].
260 _aBarcelona :
_bRauter,
_c1962.
300 _a36 p., 165 lám. :
_bil. ;
_c38 cm.
700 1 _aCortés Vidal, Juan.
_940908
852 _aES-MaACL
_jC-24258
_bR.51974
999 _c47264
_d47264